000 00286nam a2200109Ia 4500
008 201217s9999 xx 000 0 und d
100 _aRobbins, Stephen
245 0 _aOrganization theory Structure,Design,and Applications
260 _aLondon
_bPrentice Hall
300 _a518
942 _cBK
999 _c7875
_d7875